[Event "Titled Tuesday 2022.10.04 Late"]
[Site "chess.com INT"]
[Date "2022.10.04"]
[Round "1"]
[White "Dedona, Mark"]
[Black "Preotu, Razvan"]
[Result "0-1"]
[WhiteElo "1725"]
[BlackElo "2461"]
[WhiteFideId "-1"]
[WhiteFideId "-1"]
[PlyCount "62"]
[GameId "2130307569723574"]
[EventDate "2022.10.04"]
[EventType "swiss (blitz)"]
[EventRounds "11"]
[EventCountry "NET"]
[SourceTitle "The Week in Chess 1457"]
[Source "Mark Crowther"]
[SourceDate "2022.10.10"]
[SourceVersion "1"]
[SourceVersionDate "2022.10.10"]
[SourceQuality "2"]

1. e4 c5 2. b3 Nf6 3. e5 Nd5 4. Nf3 g6 5. Bb2 Bg7 6. Bc4 Nb6 7. O-O Nxc4 8. bxc4 Nc6 9. Re1 d6 10. Qe2 Bg4 11. h3 Bxf3 12. Qxf3 Nxe5 13. Bxe5 Bxe5 14. Nc3 Qd7 15. Rab1 Rb8 16. Nd5 O-O 17. Re3 Rfe8 18. Reb3 b6 19. Re3 Kg7 20. a3 e6 21. Nc3 Qd8 22. Qe2 Bd4 23. Rf3 d5 24. Nb5 dxc4 25. Qxc4 Bf6 26. Nxa7 Qxd2 27. Rd3 Qe2 28. Nc6 Rb7 29. Na5 Ra7 30. Nc6 Rxa3 31. Rxa3 Qxc4 0-1

[Event "Titled Tuesday 2022.09.27 Late"]
[Site "Chess.com INT"]
[Date "2022.09.27"]
[Round "6"]
[White "Aggelis, Nikolaos"]
[Black "Preotu, Razvan"]
[Result "1/2-1/2"]
[WhiteElo "2287"]
[BlackElo "2450"]
[WhiteFideId "-1"]
[WhiteFideId "-1"]
[PlyCount "91"]
[GameId "1831816207945728"]
[EventDate "2022.09.27"]
[EventType "swiss (blitz)"]
[EventRounds "11"]
[EventCountry "NET"]
[SourceTitle "CBM 210 Extra"]
[Source "ChessBase"]
[SourceDate "2022.11.30"]
[SourceVersion "1"]
[SourceVersionDate "2022.11.30"]
[SourceQuality "1"]

1. Nf3 c5 2. g3 Nc6 3. d4 cxd4 4. Nxd4 e5 5. Nxc6 dxc6 6. Qxd8+ Kxd8 7. e4 Nf6 8. f3 Bc5 9. Bc4 Ke7 10. Ke2 b5 11. Bb3 a5 12. a4 Ba6 13. axb5 Bxb5+ 14. c4 Ba6 15. Be3 Nd7 16. Nd2 Bb4 17. Rhc1 Rhb8 18. Ba4 Kd6 19. b3 Nc5 20. Bxc5+ Bxc5 21. Nf1 g6 22. Rd1+ Kc7 23. Ne3 h5 24. Rd3 Rd8 25. Rad1 Rxd3 26. Rxd3 Bc8 27. h4 Be6 28. Nc2 f5 29. Ne3 fxe4 30. fxe4 Rf8 31. Rc3 Bd4 32. Rc1 Kb6 33. Rd1 Kc5 34. Rc1 Bd7 35. Rd1 Kb4 36. Rc1 Kc5 37. Rb1 Bxe3 38. Kxe3 Bg4 39. Rg1 Rf3+ 40. Kd2 Bd7 41. Ke2 Bg4 42. Kd2 Rf2+ 43. Ke3 Re2+ 44. Kd3 Rf2 45. Ke3 Rf3+ 46. Kd2 1/2-1/2

[Event "Titled Tuesday 2022.09.27 Late"]
[Site "chess.com INT"]
[Date "2022.09.27"]
[Round "2"]
[White "Preotu, Razvan"]
[Black "Carbone, Diego"]
[Result "1-0"]
[WhiteElo "2450"]
[BlackElo "2314"]
[WhiteFideId "-1"]
[WhiteFideId "-1"]
[PlyCount "31"]
[GameId "2130307570048564"]
[EventDate "2022.09.27"]
[EventType "swiss (blitz)"]
[EventRounds "11"]
[EventCountry "NET"]
[SourceTitle "The Week in Chess 1456"]
[Source "Mark Crowther"]
[SourceDate "2022.10.03"]
[SourceVersion "1"]
[SourceVersionDate "2022.10.03"]
[SourceQuality "2"]

1. e4 e5 2. Nf3 Nc6 3. Bc4 Bc5 4. c3 Nf6 5. d3 O-O 6. O-O d5 7. exd5 Nxd5 8. Re1 Bg4 9. h3 Bh5 10. Nbd2 Nb6 11. Bb3 Qxd3 12. Nxe5 Qf5 13. Nef3 Rad8 14. Qe2 Qc8 15. Qb5 Bd6 16. Qxh5 1-0

[Event "Titled Tuesday 2022.09.20 Late"]
[Site "Chess.com INT"]
[Date "2022.09.20"]
[Round "1"]
[White "Musovic, Armin"]
[Black "Preotu, Razvan"]
[Result "0-1"]
[WhiteElo "2316"]
[BlackElo "2450"]
[WhiteFideId "-1"]
[WhiteFideId "-1"]
[PlyCount "44"]
[GameId "1829315035267072"]
[EventDate "2022.09.20"]
[EventType "swiss (blitz)"]
[EventRounds "11"]
[EventCountry "NET"]
[SourceTitle "EXT 2023"]
[Source "ChessBase"]
[SourceDate "2022.10.05"]
[SourceVersion "1"]
[SourceVersionDate "2022.10.05"]
[SourceQuality "1"]

1. a3 e5 2. Nc3 d5 3. d4 Nc6 4. dxe5 d4 5. Ne4 Qd5 6. Ng3 Qxe5 7. Nf3 Qa5+ 8. Bd2 Qb6 9. Rb1 Be6 10. b4 O-O-O 11. Ne4 Nf6 12. Nc5 Bxc5 13. bxc5 Qxc5 14. g3 Ne4 15. Bg2 d3 16. O-O dxc2 17. Qc1 cxb1=Q 18. Qxb1 Nxd2 19. Nxd2 Rxd2 20. Rc1 Rhd8 21. Bxc6 Qxc1+ 22. Kg2 Qxb1 0-1

[Event "Titled Tuesday 2022.09.20 Late"]
[Site "chess.com INT"]
[Date "2022.09.20"]
[Round "2"]
[White "Preotu, Razvan"]
[Black "Silva Lucena, Cristian"]
[Result "1-0"]
[WhiteElo "2450"]
[BlackElo "2290"]
[WhiteFideId "-1"]
[WhiteFideId "-1"]
[PlyCount "47"]
[GameId "2130307570282352"]
[EventDate "2022.09.20"]
[EventType "swiss (blitz)"]
[EventRounds "11"]
[EventCountry "NET"]
[SourceTitle "The Week in Chess 1455"]
[Source "Mark Crowther"]
[SourceDate "2022.09.26"]
[SourceVersion "2"]
[SourceVersionDate "2022.09.27"]
[SourceQuality "2"]

1. e4 c5 2. Nf3 d6 3. d4 cxd4 4. Nxd4 Nf6 5. Nc3 g6 6. Be3 Bg7 7. f3 O-O 8. Qd2 Nc6 9. Bc4 Bd7 10. O-O-O Rc8 11. Be2 Ne5 12. Kb1 Re8 13. g4 Qa5 14. Nb3 Qc7 15. h4 Nc4 16. Bxc4 Qxc4 17. h5 b5 18. hxg6 hxg6 19. Qh2 b4 20. Nd5 Nxd5 21. exd5 f5 22. Bd4 e5 23. dxe6 Qxe6 24. Qh7+ 1-0

[Event "Titled Tuesday 2022.09.20 Late"]
[Site "chess.com INT"]
[Date "2022.09.20"]
[Round "9"]
[White "Goncalves, Davi Sulzbacher"]
[Black "Preotu, Razvan"]
[Result "0-1"]
[WhiteElo "2282"]
[BlackElo "2450"]
[WhiteFideId "-1"]
[WhiteFideId "-1"]
[PlyCount "28"]
[GameId "2130307570286612"]
[EventDate "2022.09.20"]
[EventType "swiss (blitz)"]
[EventRounds "11"]
[EventCountry "NET"]
[SourceTitle "The Week in Chess 1455"]
[Source "Mark Crowther"]
[SourceDate "2022.09.26"]
[SourceVersion "2"]
[SourceVersionDate "2022.09.27"]
[SourceQuality "2"]

1. d4 Nf6 2. c4 g6 3. Nc3 d5 4. cxd5 Nxd5 5. e4 Nxc3 6. bxc3 Bg7 7. Bc4 c5 8. Ne2 Nc6 9. Be3 O-O 10. O-O b6 11. dxc5 Qc7 12. Nd4 Ne5 13. Bd5 Ng4 14. Bxa8 Qxh2# 0-1

[Event "Titled Tuesday 2022.09.13 Late"]
[Site "Chess.com INT"]
[Date "2022.09.13"]
[Round "2"]
[White "Preotu, Razvan"]
[Black "Rios Escobar, Adan"]
[Result "1-0"]
[WhiteElo "2450"]
[BlackElo "2276"]
[WhiteFideId "-1"]
[WhiteFideId "-1"]
[PlyCount "53"]
[GameId "1826751784165376"]
[EventDate "2022.09.13"]
[EventType "swiss (blitz)"]
[EventRounds "11"]
[EventCountry "NET"]
[SourceTitle "EXT 2023"]
[Source "ChessBase"]
[SourceDate "2022.10.05"]
[SourceVersion "1"]
[SourceVersionDate "2022.10.05"]
[SourceQuality "1"]

1. e4 c5 2. Nf3 d6 3. d4 cxd4 4. Nxd4 Nf6 5. Nc3 a6 6. Be3 e5 7. Nb3 Be7 8. h3 Be6 9. Qf3 Nbd7 10. O-O-O Rc8 11. Nd5 Bxd5 12. exd5 b5 13. g4 h6 14. h4 Qc7 15. Rd2 Nc5 16. Nxc5 dxc5 17. g5 hxg5 18. hxg5 Rxh1 19. Qxh1 Nd7 20. Qh8+ Bf8 21. d6 Qa5 22. Kb1 c4 23. g6 fxg6 24. Qg8 Rc6 25. Bh3 Nc5 26. d7+ Ke7 27. Bg5+ 1-0

[Event "Titled Tuesday 2022.09.13 Late"]
[Site "Chess.com INT"]
[Date "2022.09.13"]
[Round "3"]
[White "D'Arruda, Ricardo D"]
[Black "Preotu, Razvan"]
[Result "1/2-1/2"]
[WhiteElo "2271"]
[BlackElo "2450"]
[WhiteFideId "-1"]
[WhiteFideId "-1"]
[PlyCount "88"]
[GameId "1826751784833024"]
[EventDate "2022.09.13"]
[EventType "swiss (blitz)"]
[EventRounds "11"]
[EventCountry "NET"]
[SourceTitle "EXT 2023"]
[Source "ChessBase"]
[SourceDate "2022.10.05"]
[SourceVersion "1"]
[SourceVersionDate "2022.10.05"]
[SourceQuality "1"]

1. d4 Nf6 2. Nf3 g6 3. Nc3 d5 4. Bg5 Bg7 5. Bxf6 Bxf6 6. e4 dxe4 7. Nxe4 Bg7 8. Bc4 O-O 9. O-O Bf5 10. Qe2 Nd7 11. Rad1 e6 12. Ng3 Bg4 13. h3 Bxf3 14. Qxf3 c6 15. Ne4 a5 16. a4 Nb6 17. Bb3 Nd5 18. Rfe1 Qc7 19. g3 Rad8 20. c3 Qb6 21. Nc5 Rfe8 22. Re2 Bf8 23. Bxd5 cxd5 24. Nd3 Qb3 25. Ra1 Bd6 26. h4 Qb6 27. Kg2 Qc7 28. h5 Qe7 29. hxg6 hxg6 30. Rh1 Qg5 31. Ne5 Re7 32. Rh4 Kg7 33. Re1 Bxe5 34. Rxe5 Qd2 35. Re2 Qd1 36. Qe3 Rh8 37. Re1 Qc2 38. Rxh8 Kxh8 39. Rh1+ Kg8 40. Qh6 Qe4+ 41. Kg1 Qe1+ 42. Kg2 Qe4+ 43. Kg1 Qe1+ 44. Kg2 Qe4+ 1/2-1/2

[Event "Titled Tuesday 2022.09.13 Late"]
[Site "Chess.com INT"]
[Date "2022.09.13"]
[Round "6"]
[White "Kujawski, Adam"]
[Black "Preotu, Razvan"]
[Result "0-1"]
[WhiteElo "2180"]
[BlackElo "2450"]
[WhiteFideId "-1"]
[WhiteFideId "-1"]
[PlyCount "52"]
[GameId "1826751786065920"]
[EventDate "2022.09.13"]
[EventType "swiss (blitz)"]
[EventRounds "11"]
[EventCountry "NET"]
[SourceTitle "EXT 2023"]
[Source "ChessBase"]
[SourceDate "2022.10.05"]
[SourceVersion "1"]
[SourceVersionDate "2022.10.05"]
[SourceQuality "1"]

1. e4 c5 2. Nf3 d6 3. d4 cxd4 4. Nxd4 Nf6 5. Nc3 a6 6. Bg5 e6 7. f4 Be7 8. Qf3 Qc7 9. O-O-O Nbd7 10. Bd3 b5 11. Rhe1 Bb7 12. Qg3 b4 13. Nd5 exd5 14. exd5 Kd8 15. Nc6+ Bxc6 16. dxc6 Qxc6 17. Bxf6 Nxf6 18. Qxg7 Re8 19. Qxf7 Ra7 20. Rxe7 Raxe7 21. Qxf6 Kc7 22. b3 Re1 23. Rxe1 Rxe1+ 24. Kb2 Qc5 25. Bxh7 Qe3 26. Qg7+ Kb6 0-1

[Event "Titled Tuesday 2022.09.13 Late"]
[Site "chess.com INT"]
[Date "2022.09.13"]
[Round "1"]
[White "McBryde, Lamel"]
[Black "Preotu, Razvan"]
[Result "1-0"]
[WhiteElo "1861"]
[BlackElo "2450"]
[WhiteFideId "-1"]
[WhiteFideId "-1"]
[PlyCount "103"]
[GameId "2130307570746511"]
[EventDate "2022.09.13"]
[EventType "swiss (blitz)"]
[EventRounds "11"]
[EventCountry "NET"]
[SourceTitle "The Week in Chess 1454"]
[Source "Mark Crowther"]
[SourceDate "2022.09.19"]
[SourceVersion "1"]
[SourceVersionDate "2022.09.19"]
[SourceQuality "2"]

1. Nf3 c5 2. b3 Nc6 3. Bb2 Nf6 4. e3 g6 5. d4 cxd4 6. exd4 d5 7. Bd3 Bg7 8. Nbd2 O-O 9. O-O Nb4 10. Be2 Bf5 11. c4 Bc2 12. Qc1 Bd3 13. Qd1 Bc2 14. Qc1 Nh5 15. g3 Bf5 16. Qc3 Nc6 17. Ne5 Nf6 18. Bf3 Ne4 19. Nxe4 dxe4 20. Bg2 Nxe5 21. dxe5 Qc7 22. Rfe1 Qc6 23. Qe3 Rfd8 24. Rad1 a6 25. Rd4 Qc7 26. Red1 Rxd4 27. Bxd4 Bxe5 28. Bxe4 Bxd4 29. Qxd4 Bxe4 30. Qxe4 e6 31. Qd4 Qe7 32. h4 h5 33. Qd7 Qxd7 34. Rxd7 Rb8 35. Kg2 a5 36. a4 Kg7 37. Kf3 b6 38. Ke4 Kf6 39. f4 Rc8 40. Rb7 Rc6 41. Rd7 Kg7 42. Ke5 Kf8 43. Rd6 Rc5+ 44. Ke4 Ke7 45. Rxb6 Rc8 46. Rb7+ Kf6 47. Rb5 Rd8 48. Rxa5 Rd1 49. c5 Rb1 50. Rb5 Rg1 51. Kf3 Rxg3+ 52. Kxg3 1-0

[Event "Titled Tuesday 2022.09.13 Late"]
[Site "chess.com INT"]
[Date "2022.09.13"]
[Round "4"]
[White "Preotu, Razvan"]
[Black "Melian, Juan Sebastian"]
[Result "1/2-1/2"]
[WhiteElo "2450"]
[BlackElo "2142"]
[WhiteFideId "-1"]
[WhiteFideId "-1"]
[PlyCount "167"]
[GameId "2130307570750719"]
[EventDate "2022.09.13"]
[EventType "swiss (blitz)"]
[EventRounds "11"]
[EventCountry "NET"]
[SourceTitle "The Week in Chess 1454"]
[Source "Mark Crowther"]
[SourceDate "2022.09.19"]
[SourceVersion "1"]
[SourceVersionDate "2022.09.19"]
[SourceQuality "2"]

1. e4 c5 2. Nf3 e6 3. c3 Nf6 4. e5 Nd5 5. d4 cxd4 6. cxd4 d6 7. Bc4 Nd7 8. O-O N5b6 9. Bb3 dxe5 10. dxe5 Nc5 11. Qxd8+ Kxd8 12. Bc2 Bd7 13. Nc3 Be7 14. Rd1 Kc7 15. b4 Na6 16. a3 Rad8 17. Bg5 f6 18. Bh4 h6 19. Bb3 Bc8 20. Nb5+ Kb8 21. Nbd4 Nc7 22. Re1 Rhe8 23. exf6 Bxf6 24. Bxf6 gxf6 25. Rad1 e5 26. Nc2 Bg4 27. Ne3 Bxf3 28. gxf3 Nb5 29. Nf5 h5 30. a4 Nc3 31. Rxd8+ Rxd8 32. a5 Nbd5 33. Bxd5 Nxd5 34. Rd1 Rg8+ 35. Kf1 Nf4 36. Rd7 Rc8 37. Ke1 Rc4 38. Nd6 Rxb4 39. h4 b6 40. a6 Ra4 41. Rb7+ Ka8 42. Rf7 Kb8 43. Rb7+ Ka8 44. Rf7 Kb8 45. Rf8+ Kc7 46. Nb5+ Kc6 47. Nxa7+ Kd7 48. Rf7+ Ke6 49. Rb7 Rxa6 50. Nc6 Kd6 51. Nb4 Ra1+ 52. Kd2 Rb1 53. Nc2 Nd5 54. Rh7 Ke6 55. Rxh5 Rb2 56. Rh8 Nf4 57. Kc3 Ra2 58. h5 Ra7 59. h6 Nd5+ 60. Kb2 Rc7 61. h7 Kf5 62. Ne3+ Nxe3 63. fxe3 Kg6 64. Rb8 Kxh7 65. Rxb6 Kg7 66. e4 Rd7 67. Kc2 Kg6 68. Ra6 Kg5 69. Rb6 Rd4 70. Kc3 Rd8 71. Kc2 Rd7 72. Rc6 Rf7 73. Kd2 Kf4 74. Ke2 f5 75. exf5 Kxf5 76. Ke3 Ra7 77. Rc3 Ra4 78. Rb3 Rc4 79. Rd3 Ra4 80. Rc3 Rd4 81. Rb3 Ra4 82. Rc3 Rd4 83. Rb3 Ra4 84. Rc3 1/2-1/2

[Event "Titled Tuesday 2022.09.13 Late"]
[Site "chess.com INT"]
[Date "2022.09.13"]
[Round "5"]
[White "Sivakumar, Shaaketh"]
[Black "Preotu, Razvan"]
[Result "1-0"]
[WhiteElo "2255"]
[BlackElo "2450"]
[WhiteFideId "-1"]
[WhiteFideId "-1"]
[PlyCount "95"]
[GameId "2130307570750745"]
[EventDate "2022.09.13"]
[EventType "swiss (blitz)"]
[EventRounds "11"]
[EventCountry "NET"]
[SourceTitle "The Week in Chess 1454"]
[Source "Mark Crowther"]
[SourceDate "2022.09.19"]
[SourceVersion "1"]
[SourceVersionDate "2022.09.19"]
[SourceQuality "2"]

1. e4 c5 2. Nf3 d6 3. d4 cxd4 4. Qxd4 Nc6 5. Bb5 Bd7 6. Qd3 g6 7. c4 Bg7 8. Nc3 Nf6 9. Be3 O-O 10. h3 a6 11. Bxc6 Bxc6 12. O-O b5 13. cxb5 Bxb5 14. Nxb5 axb5 15. a3 Qb8 16. Nd4 Qb7 17. f3 b4 18. a4 Nd7 19. Qb5 Rfb8 20. Nc6 Qxb5 21. axb5 Rxa1 22. Rxa1 Rxb5 23. Ra8+ Bf8 24. Bh6 f6 25. Bxf8 Nxf8 26. Nxe7+ Kf7 27. Nd5 Rb7 28. Nxf6 Kxf6 29. Rxf8+ Ke5 30. Kf2 Kd4 31. Rd8 Kd3 32. Rc8 Ra7 33. Rc6 Ra2 34. Rxd6+ Kc2 35. e5 Rxb2 36. e6 Kc3+ 37. Ke3 Rb1 38. Rd2 Re1+ 39. Re2 Ra1 40. f4 b3 41. g4 b2 42. Rxb2 Kxb2 43. f5 Kc3 44. Ke4 Kc4 45. Ke5 Kc5 46. Kf6 Kd6 47. Kf7 Ra7+ 48. Kf6 1-0

[Event "Titled Tuesday 2022.09.13 Late"]
[Site "chess.com INT"]
[Date "2022.09.13"]
[Round "7"]
[White "Preotu, Razvan"]
[Black "Estrada Nieto, Julian"]
[Result "1-0"]
[WhiteElo "2450"]
[BlackElo "2260"]
[WhiteFideId "-1"]
[WhiteFideId "-1"]
[PlyCount "69"]
[GameId "2130307570758990"]
[EventDate "2022.09.13"]
[EventType "swiss (blitz)"]
[EventRounds "11"]
[EventCountry "NET"]
[SourceTitle "The Week in Chess 1454"]
[Source "Mark Crowther"]
[SourceDate "2022.09.19"]
[SourceVersion "1"]
[SourceVersionDate "2022.09.19"]
[SourceQuality "2"]

1. e4 e5 2. Nf3 Nc6 3. Bc4 Bc5 4. c3 Nf6 5. d3 d6 6. O-O a6 7. a4 Ba7 8. Re1 O-O 9. h3 h6 10. Nbd2 Re8 11. Qc2 Be6 12. Bxe6 Rxe6 13. b4 d5 14. Nb3 Qd7 15. b5 axb5 16. axb5 Ne7 17. Nc5 Bxc5 18. Rxa8+ Nc8 19. exd5 Nxd5 20. Rxe5 Rxe5 21. Nxe5 Qe8 22. d4 Bd6 23. Qf5 Ndb6 24. Rb8 f6 25. Nf3 c6 26. Rxb7 cxb5 27. Bxh6 Be7 28. Qe6+ Kh7 29. Bxg7 Kxg7 30. Nh4 Qh5 31. Nf5+ Kg6 32. Nxe7+ Nxe7 33. Rxe7 Nd5 34. Qg8+ Kf5 35. Qxd5+ 1-0

[Event "Labor Day IM"]
[Site "Los Angeles USA"]
[Date "2022.09.01"]
[Round "1.3"]
[White "Oberoi, Shelev"]
[Black "Preotu, Razvan"]
[Result "0-1"]
[WhiteElo "2291"]
[BlackElo "2450"]
[WhiteFideId "-1"]
[WhiteFideId "-1"]
[PlyCount "120"]
[GameId "2130307571259058"]
[EventDate "2022.09.01"]
[EventType "tourn"]
[EventRounds "9"]
[EventCountry "USA"]
[EventCategory "2"]
[SourceTitle "10 Days #698"]
[Source "ChessMix"]
[SourceDate "2022.09.10"]
[SourceVersion "1"]
[SourceVersionDate "2022.09.10"]
[SourceQuality "1"]

1. e4 e6 2. d4 d5 3. Nc3 Nf6 4. Bg5 dxe4 5. Nxe4 Be7 6. Bxf6 gxf6 7. Nf3 a6 8. g3 f5 9. Nc3 b5 10. Bg2 Bb7 11. O-O O-O 12. Ne5 Bxg2 13. Kxg2 b4 14. Na4 Bf6 15. Qf3 Qxd4 16. Qxa8 Qxe5 17. c4 Qa5 18. b3 Bxa1 19. Rxa1 Nd7 20. Qc6 Qe5 21. Rd1 Nf6 22. Nc5 Qe2 23. Qf3 Qxf3+ 24. Kxf3 Ra8 25. Ke2 a5 26. f3 Kf8 27. a3 bxa3 28. Ra1 Ke8 29. Rxa3 Nd7 30. Nb7 Ra7 31. Nxa5 c5 32. Ra4 Nb6 33. Ra1 Kd7 34. Kd3 Kc7 35. Kc3 Nd7 36. b4 Ne5 37. bxc5 Nxf3 38. Kb4 e5 39. c6 Nd4 40. Kc3 Nxc6 41. Nb3 Rxa1 42. Nxa1 Nd4 43. Nb3 Nxb3 44. Kxb3 Kc6 45. Kb4 f4 46. gxf4 exf4 47. Kc3 Kc5 48. Kd3 f5 49. Ke2 Kxc4 50. Kf3 Kd5 51. Kxf4 Ke6 52. Ke3 Ke5 53. Kf3 f4 54. Ke2 Ke4 55. Kf2 f3 56. Kf1 Ke3 57. Ke1 f2+ 58. Kf1 Kf3 59. h4 Ke3 60. h5 h6 0-1

[Event "Labor Day IM"]
[Site "Los Angeles USA"]
[Date "2022.09.01"]
[Round "2.3"]
[White "Preotu, Razvan"]
[Black "Heimann, Mark A"]
[Result "1/2-1/2"]
[WhiteElo "2450"]
[BlackElo "2401"]
[WhiteFideId "-1"]
[WhiteFideId "-1"]
[PlyCount "85"]
[GameId "2130307571259063"]
[EventDate "2022.09.01"]
[EventType "tourn"]
[EventRounds "9"]
[EventCountry "USA"]
[EventCategory "2"]
[SourceTitle "10 Days #698"]
[Source "ChessMix"]
[SourceDate "2022.09.10"]
[SourceVersion "1"]
[SourceVersionDate "2022.09.10"]
[SourceQuality "1"]

1. e4 e5 2. Nf3 Nc6 3. Bc4 Bc5 4. c3 Nf6 5. d3 d6 6. O-O O-O 7. Re1 h6 8. b4 Bb6 9. Nbd2 a5 10. b5 Ne7 11. d4 Ng6 12. Bf1 c6 13. a4 Re8 14. h3 d5 15. dxe5 Nxe5 16. exd5 Nxf3+ 17. Nxf3 Rxe1 18. Qxe1 Qxd5 19. Be3 Bxe3 20. Qxe3 cxb5 21. Bxb5 Bd7 22. c4 Qe6 23. Qd4 Bxb5 24. cxb5 Qd5 25. Rc1 Qxd4 26. Nxd4 Nd5 27. Nf5 Nb6 28. Rc7 Nxa4 29. Rxb7 Nc5 30. Rc7 Ne6 31. Rc6 a4 32. b6 Rb8 33. Ne7+ Kh7 34. Nd5 Rd8 35. b7 Rb8 36. Rb6 a3 37. Ra6 Rxb7 38. Rxa3 Rb1+ 39. Kh2 Rb5 40. Ne3 Rb2 41. Kg1 Rb1+ 42. Kh2 Rb2 43. Kg1 1/2-1/2

[Event "Labor Day IM"]
[Site "Los Angeles USA"]
[Date "2022.09.02"]
[Round "3.1"]
[White "Xie, Bryan"]
[Black "Preotu, Razvan"]
[Result "0-1"]
[WhiteElo "2162"]
[BlackElo "2450"]
[WhiteFideId "-1"]
[WhiteFideId "-1"]
[PlyCount "110"]
[GameId "2130307571259066"]
[EventDate "2022.09.01"]
[EventType "tourn"]
[EventRounds "9"]
[EventCountry "USA"]
[EventCategory "2"]
[SourceTitle "10 Days #698"]
[Source "ChessMix"]
[SourceDate "2022.09.10"]
[SourceVersion "1"]
[SourceVersionDate "2022.09.10"]
[SourceQuality "1"]

1. e4 c5 2. Nf3 d6 3. d4 cxd4 4. Nxd4 Nf6 5. Nc3 a6 6. h4 e5 7. Nb3 Be7 8. Bg5 Be6 9. Bxf6 Bxf6 10. g3 Be7 11. Qd2 Nd7 12. O-O-O b5 13. f4 Nf6 14. f5 Bd7 15. Nd5 Nxd5 16. Qxd5 O-O 17. g4 Bxh4 18. Qxd6 Bg5+ 19. Kb1 Bc6 20. Bg2 Qxd6 21. Rxd6 Rfc8 22. Na5 Be8 23. Rd5 Bf6 24. Rhd1 Kf8 25. Bf1 Rab8 26. Rd6 Rd8 27. R6d5 Be7 28. c4 Rdc8 29. cxb5 axb5 30. Rxe5 Bb4 31. Nb3 Bc6 32. Nd4 Ba8 33. Bd3 Rd8 34. Rxb5 Rxb5 35. Bxb5 Bxe4+ 36. Ka1 Be7 37. Be2 Bf6 38. Nb3 Rb8 39. Rc1 g6 40. fxg6 hxg6 41. Bc4 Kg7 42. Rf1 g5 43. Rf2 Rb4 44. Bf1 Bd5 45. Be2 Be5 46. Bd1 f6 47. Nc1 Rd4 48. Bb3 Bxb3 49. axb3 Rd1 50. Kb1 Bf4 51. Rc2 f5 52. gxf5 g4 53. Rf2 Rxc1+ 54. Ka2 Be5 55. f6+ Kf7 0-1

[Event "Labor Day IM"]
[Site "Los Angeles USA"]
[Date "2022.09.02"]
[Round "4.1"]
[White "Preotu, Razvan"]
[Black "Narayanan, Samrug"]
[Result "1/2-1/2"]
[WhiteElo "2450"]
[BlackElo "2354"]
[WhiteFideId "-1"]
[WhiteFideId "-1"]
[PlyCount "120"]
[GameId "2130307571259071"]
[EventDate "2022.09.01"]
[EventType "tourn"]
[EventRounds "9"]
[EventCountry "USA"]
[EventCategory "2"]
[SourceTitle "10 Days #698"]
[Source "ChessMix"]
[SourceDate "2022.09.10"]
[SourceVersion "1"]
[SourceVersionDate "2022.09.10"]
[SourceQuality "1"]

1. e4 e5 2. Nf3 Nc6 3. Bc4 Bc5 4. c3 Nf6 5. d3 O-O 6. O-O d5 7. exd5 Nxd5 8. Re1 Bg4 9. h3 Bh5 10. Nbd2 Nb6 11. Bb3 Qxd3 12. Nxe5 Qf5 13. Nef3 Rad8 14. Qe2 Nd5 15. Ne4 Bxf3 16. Qxf3 Qxf3 17. gxf3 Bb6 18. Kf1 Nde7 19. a4 h6 20. Bc2 a5 21. Be3 Bxe3 22. fxe3 b6 23. Rad1 g6 24. f4 Kg7 25. Kf2 Rxd1 26. Bxd1 Rd8 27. Bf3 Rd7 28. Ng3 Nd8 29. Ke2 Ne6 30. Be4 f5 31. Bc2 Nd5 32. Rd1 c6 33. Kf3 Nc5 34. h4 Ne7 35. Rxd7 Nxd7 36. h5 Nf6 37. hxg6 Kxg6 38. Ne2 c5 39. Bd3 Nc8 40. Ng3 Nd6 41. Ke2 h5 42. Kf3 Nfe8 43. Kg2 Nf6 44. Kf3 Nfe8 45. Kf2 Nf6 46. Kg2 Ng4 47. Kf3 Nf6 48. Nf1 Nfe4 49. Be2 c4 50. Bd1 h4 51. Kg2 Nb7 52. Bc2 Nbc5 53. Kh3 Nd3 54. Kxh4 Nxb2 55. Ng3 Nd3 56. Nxe4 fxe4 57. Kg4 Nf2+ 58. Kg3 Nd3 59. Kg4 Nf2+ 60. Kg3 Nd3 1/2-1/2

[Event "Labor Day IM"]
[Site "Los Angeles USA"]
[Date "2022.09.03"]
[Round "5.2"]
[White "Preotu, Razvan"]
[Black "Mahajan, Rushaan"]
[Result "1-0"]
[WhiteElo "2450"]
[BlackElo "2232"]
[WhiteFideId "-1"]
[WhiteFideId "-1"]
[PlyCount "69"]
[GameId "2130307571259077"]
[EventDate "2022.09.01"]
[EventType "tourn"]
[EventRounds "9"]
[EventCountry "USA"]
[EventCategory "2"]
[SourceTitle "10 Days #698"]
[Source "ChessMix"]
[SourceDate "2022.09.10"]
[SourceVersion "1"]
[SourceVersionDate "2022.09.10"]
[SourceQuality "1"]

1. e4 c6 2. d4 d5 3. e5 c5 4. Nf3 Nc6 5. dxc5 Bg4 6. c3 a6 7. Be2 e6 8. Be3 Qc7 9. Nbd2 Nxe5 10. Nxe5 Bxe2 11. Kxe2 Qxe5 12. Qa4+ Kd8 13. Nb3 Nf6 14. Na5 Kc8 15. Kf1 Qe4 16. b4 Be7 17. Rd1 Ng4 18. Bd4 e5 19. Nxb7 exd4 20. Qc6+ Kb8 21. Na5 Ra7 22. Qb6+ Kc8 23. Qxa7 Ne3+ 24. fxe3 Qf5+ 25. Kg1 Bg5 26. Qb7+ Kd8 27. Nc6+ Ke8 28. Qb8+ Kd7 29. Qd6+ Kc8 30. Ne7+ Bxe7 31. Qxe7 dxe3 32. Rf1 Qe4 33. Rxf7 Qb1+ 34. Rf1 Qd3 35. c6 1-0

[Event "Labor Day IM"]
[Site "Los Angeles USA"]
[Date "2022.09.03"]
[Round "6.5"]
[White "Zaloznyy, Mike"]
[Black "Preotu, Razvan"]
[Result "0-1"]
[WhiteElo "2268"]
[BlackElo "2450"]
[WhiteFideId "-1"]
[WhiteFideId "-1"]
[PlyCount "66"]
[GameId "2130307571259085"]
[EventDate "2022.09.01"]
[EventType "tourn"]
[EventRounds "9"]
[EventCountry "USA"]
[EventCategory "2"]
[SourceTitle "10 Days #698"]
[Source "ChessMix"]
[SourceDate "2022.09.10"]
[SourceVersion "1"]
[SourceVersionDate "2022.09.10"]
[SourceQuality "1"]

1. d4 Nf6 2. Nf3 g6 3. Nc3 d5 4. Bf4 Bg7 5. Nb5 Na6 6. e3 O-O 7. h3 Ne4 8. Nd2 Nxd2 9. Qxd2 c6 10. Nc3 Nc7 11. a4 Ne6 12. Bh2 c5 13. Ne2 Bd7 14. a5 b6 15. Be5 Bxe5 16. dxe5 Qc7 17. f4 Bc6 18. Ng3 d4 19. e4 g5 20. f5 Qxe5 21. Ne2 Ng7 22. Qxg5 Bxe4 23. O-O-O Qxf5 24. Qxe7 Bxc2 25. Rd2 Rfe8 26. Qh4 Bb3 27. g4 Qe4 28. Rg1 d3 29. Nc3 Qe1+ 30. Qxe1 Rxe1+ 31. Nd1 c4 32. Bg2 Rxg1 33. Bxa8 Ne6 0-1